000 01742cam a22004694i 4500
003 PE-LiUPU
005 20250731173530.0
008 150616s r 000 0 d
020 _a0805410678
035 _a(Sirsi) i9780805410679
040 _aPE-LiUPU
_bspa
_cPE-LiUPU
_erda
049 _aPRUA
082 0 4 _a269.2
_bJ67
_221
100 1 _aJohnson, Ronald,
_d1949-,
_eautor.
245 1 0 _aHow Will They Hear if We Don't Listen? /
_cRonald W. Johnson.
264 1 _aTennessee :
_bBroadman & Holman Publishers,
_c1994.
300 _a194 páginas ;
_c23 centímetros
336 _atext
_2rdacontent
337 _aunmediated
_2rdamedia
338 _avolume
_2rdacarrier
505 0 _aListening to tell.- It's a noisy world.- Listening with both ears.- Listening as Jesus Listened.- Dialogue vs. mologue.- What people don't say.- Cutting through the fog.- The listening heart.- Giving a redemptive word.- Handling response.- Helping others learn to listen.
526 _aSEG42
526 _aSEG41
526 _aSEG40
526 _aSEG39
526 _aP94
526 _aP87
526 _aP86
526 _aP85
526 _aP77
526 _aP76
526 _aP35
650 0 4 _aEvangelismo.
_9953
650 0 4 _aPsicología Pastoral.
910 _ajck
_bjvq
_cjck
942 _2ddc
_cBOOK
949 _a269.2 J67
_wDEWEY
_c1
_i42257
_lCCODEBUL1
_mBUL
_r0
_sY
_tBOOK
_u2015-6-16
_xTEOLOGIA
_zUNKNOWN
_0COMPRA
_o.STAFF. Colección General
994 _aC0
_bPEPRU
596 _a1
999 _a269.2 J67
_wDEWEY
_c60088
_i42257
_f2021-11-10
_g5
_lCCODEBUL1
_mBUL
_r0
_sY
_tBOOK
_u2015-6-16
_xTEOLOGIA
_zUNKNOWN
_0COMPRA
_o.STAFF. Colección General
_d60088
980 _81
_gALBERTO SANCHEZ Responsable de Automatización